[Event "Samara op"]
[Site "Samara"]
[Date "2010.07.31"]
[Round "9"]
[White "Kalinin, Pavel"]
[Black "Kobylsky, Evgeny"]
[Result "1/2-1/2"]
[WhiteElo "2128"]
[BlackElo "2037"]
[PlyCount "69"]
[EventDate "2010.07.23"]
[EventType "swiss"]
[EventRounds "9"]
[EventCountry "RUS"]
[SourceTitle "EXT 2011"]
[Source "ChessBase"]
[SourceDate "2010.11.26"]
[SourceVersion "1"]
[SourceVersionDate "2010.11.26"]
[SourceQuality "1"]

1. Nf3 d5 2. d4 Nf6 3. c4 dxc4 4. e3 e6 5. Bxc4 c5 6. 0-0 cxd4 7. exd4 Nc6 8. Nc3 a6 9. a4 Be7 10. Bg5 0-0 11. Qd2 b6 12. Rfd1 Bb7 13. Qe2 Nd5 14. Bxe7 Ncxe7 15. Nxd5 Nxd5 16. Qe5 Qf6 17. Qxf6 Nxf6 18. Ne5 Rfd8 19. f3 Nd5 20. Kf2 f6 21. Ng4 Kf7 22. a5 b5 23. Bb3 Nb4 24. Rac1 Rac8 25. Rxc8 Rxc8 26. Ne3 Rd8 27. Nc2 Nxc2 28. Bxc2 Rc8 29. Bd3 Bd5 30. Ke3 Bb3 31. Ra1 f5 32. Kd2 Ke7 33. Ra3 Bd5 34. Rc3 Rxc3 35. Kxc3 1/2-1/2

[Event "Samara op"]
[Site "Samara"]
[Date "2010.07.26"]
[Round "4"]
[White "Kobylsky, Evgeny"]
[Black "Koltunovsky, Evgeny"]
[Result "1-0"]
[WhiteElo "2037"]
[BlackElo "1824"]
[PlyCount "73"]
[EventDate "2010.07.23"]
[EventType "swiss"]
[EventRounds "9"]
[EventCountry "RUS"]
[SourceTitle "EXT 2011"]
[Source "ChessBase"]
[SourceDate "2010.11.26"]
[SourceVersion "1"]
[SourceVersionDate "2010.11.26"]
[SourceQuality "1"]

1. e4 c5 2. Nc3 d6 3. g3 g6 4. Bg2 Bg7 5. d3 Nc6 6. f4 e6 7. Nf3 Nd4 8. 0-0 Ne7 9. Ne2 Nxf3+ 10. Bxf3 Rb8 11. c3 0-0 12. Be3 b5 13. d4 Qc7 14. Qe1 b4 15. dxc5 dxc5 16. Qf2 bxc3 17. Nxc3 Re8 18. Rab1 Ba6 19. Rfd1 Rec8 20. Na4 Rb5 21. Rdc1 Qa5 22. Nxc5 Qxa2 23. Ra1 Qxb2 24. Rxa6 Bd4 25. Nd3 Rxc1+ 26. Nxc1 Bxe3 27. Qxe3 Qc2 28. Ra2 Qb1 29. Rxa7 Nc6 30. Ra8+ Nb8 31. Be2 Rb4 32. Bd3 Qb2 33. Ra2 Qc3 34. Rc2 Qa3 35. Qc5 h5 36. Ra2 Na6 37. Qc8+ 1-0

[Event "RUS-chB U14"]
[Site "Dagomys"]
[Date "2009.04.23"]
[Round "9"]
[White "Gabdullin, Mikhail"]
[Black "Kobylsky, Evgeny"]
[Result "0-1"]
[WhiteElo "1942"]
[BlackElo "2036"]
[PlyCount "142"]
[EventDate "2009.04.15"]
[EventType "swiss"]
[EventRounds "9"]
[EventCountry "RUS"]
[SourceTitle "EXT 2012"]
[Source "ChessBase"]
[SourceDate "2011.11.24"]
[SourceVersion "1"]
[SourceVersionDate "2011.11.24"]
[SourceQuality "1"]

1. d4 d5 2. Nf3 Nf6 3. c4 e6 4. Nc3 c6 5. Bg5 Nbd7 6. e3 Qa5 7. Nd2 Bb4 8. Qc2 Ne4 9. Ndxe4 dxe4 10. Bf4 f5 11. Be2 0-0 12. 0-0 e5 13. dxe5 Nxe5 14. Nd1 Ng6 15. a3 Be7 16. Qc1 Be6 17. b4 Qd8 18. c5 a5 19. Nb2 Nxf4 20. exf4 axb4 21. axb4 Rxa1 22. Qxa1 Qd2 23. Bc4 Bd5 24. Qa3 Bf6 25. Bxd5+ Qxd5 26. Rc1 Qd2 27. Nc4 Qxf4 28. Rf1 Qc7 29. Nd6 Be5 30. Rd1 h6 31. h3 Kh7 32. Qb3 Qe7 33. Qc4 Rd8 34. Qe2 Bxd6 35. cxd6 Rxd6 36. Rxd6 Qxd6 37. b5 Qd3 38. Qh5 Qxb5 39. Qe8 Qd5 40. h4 Qd1+ 41. Kh2 Qd6+ 42. Kh1 Qg6 43. Qd7 b5 44. Kh2 Qf6 45. g3 b4 46. Qb7 Qd4 47. Kg2 Qd5 48. Kh2 b3 49. h5 Qe6 50. Qb4 Qf7 51. Kg1 Qxh5 52. Qxb3 Qg6 53. Qc4 Qd6 54. Qf7 Qd5 55. Qf8 c5 56. Qc8 c4 57. Kh2 Qf7 58. Kg1 f4 59. gxf4 Qxf4 60. Qxc4 Qg4+ 61. Kh1 h5 62. Kh2 Qf4+ 63. Kg2 Qf3+ 64. Kg1 h4 65. Qb5 Qg4+ 66. Kh2 h3 67. Qf1 Qg2+ 68. Qxg2 hxg2 69. Kxg2 Kg6 70. f3 exf3+ 71. Kxf3 Kf5 0-1

[Event "RUS-chB U14"]
[Site "Dagomys"]
[Date "2009.04.20"]
[Round "6"]
[White "Kobylsky, Evgeny"]
[Black "Kozhemyachenko, Anton"]
[Result "1-0"]
[WhiteElo "2036"]
[BlackElo "1632"]
[PlyCount "67"]
[EventDate "2009.04.15"]
[EventType "swiss"]
[EventRounds "9"]
[EventCountry "RUS"]
[SourceTitle "EXT 2012"]
[Source "ChessBase"]
[SourceDate "2011.11.24"]
[SourceVersion "1"]
[SourceVersionDate "2011.11.24"]
[SourceQuality "1"]

1. e4 c5 2. Nc3 Nc6 3. g3 g6 4. Bg2 Bg7 5. d3 d6 6. f4 e5 7. Nf3 Nge7 8. 0-0 0-0 9. h3 f5 10. Ne2 Bd7 11. c3 Qb6 12. Kh2 Rae8 13. Qc2 Kh8 14. Be3 d5 15. Nxe5 Nxe5 16. fxe5 Bxe5 17. exd5 Qd6 18. c4 Bf6 19. Bg1 g5 20. d4 b6 21. dxc5 bxc5 22. Rab1 f4 23. b4 fxg3+ 24. Kh1 Qe5 25. Bxc5 Bf5 26. Qd2 Bxb1 27. Bd4 Qc7 28. Rxf6 Rxf6 29. Bxf6+ Kg8 30. d6 Qd7 31. Qxg5+ Ng6 32. Bd5+ Kf8 33. Qh6+ Qg7 34. Qxg7# 1-0

[Event "RUS-chB U14"]
[Site "Dagomys"]
[Date "2009.04.17"]
[Round "3"]
[White "Akhmentaev, Rinat"]
[Black "Kobylsky, Evgeny"]
[Result "1-0"]
[WhiteElo "1943"]
[BlackElo "2036"]
[PlyCount "93"]
[EventDate "2009.04.15"]
[EventType "swiss"]
[EventRounds "9"]
[EventCountry "RUS"]
[SourceTitle "EXT 2012"]
[Source "ChessBase"]
[SourceDate "2011.11.24"]
[SourceVersion "1"]
[SourceVersionDate "2011.11.24"]
[SourceQuality "1"]

1. d4 d5 2. c4 e6 3. Nc3 c5 4. e3 Nf6 5. Nf3 Nc6 6. Be2 Be7 7. 0-0 0-0 8. h3 a6 9. a4 b6 10. Ne5 Bb7 11. Nxc6 Bxc6 12. Bf3 Qd7 13. cxd5 exd5 14. Ne2 c4 15. Bd2 b5 16. axb5 axb5 17. Rxa8 Rxa8 18. Qe1 Qd6 19. Ng3 g6 20. e4 dxe4 21. Nxe4 Nxe4 22. Bxe4 Bf6 23. Bb4 Qd7 24. Bxc6 Qxc6 25. Qc3 Rd8 26. Rd1 Qd5 27. Qe1 Bxd4 28. Rd2 Qa8 29. Be7 Rd5 30. Re2 Qa7 31. Bb4 Bc5 32. Re8+ Kg7 33. Bc3+ Bd4 34. Bb4 Bc5 35. Bc3+ Bd4 36. Bb4 Rd7 37. Bf8+ Kf6 38. Qe2 Qb7 39. Re4 g5 40. h4 Qd5 41. hxg5+ Qxg5 42. Qf3+ Kg6 43. Rg4 h6 44. Rxg5+ hxg5 45. Qe4+ Kh5 46. Qh7+ Kg4 47. Qh3+ 1-0

[Event "Zhigulevskie prostory op"]
[Site "Samara"]
[Date "2008.08.02"]
[Round "9"]
[White "Natacheev, Peter"]
[Black "Kobylsky, Evgeny"]
[Result "1-0"]
[WhiteElo "2185"]
[BlackElo "2055"]
[PlyCount "71"]
[EventDate "2008.07.25"]
[EventType "swiss"]
[EventRounds "9"]
[EventCountry "RUS"]
[SourceTitle "EXT 2022"]
[Source "ChessBase"]
[SourceDate "2021.10.06"]
[SourceVersion "1"]
[SourceVersionDate "2021.10.06"]
[SourceQuality "1"]

1. e4 e5 2. Nc3 Nf6 3. Bc4 Nxe4 4. Qh5 Nd6 5. Bb3 Nc6 6. Nb5 g6 7. Qf3 Nf5 8. g4 Nh6 9. g5 Nf5 10. Qd5 Qe7 11. Nxc7+ Kd8 12. Nxa8 b6 13. Nxb6 axb6 14. h4 Bb7 15. Qb5 Kc7 16. Rh3 e4 17. Kd1 Bg7 18. c3 Ne5 19. d4 exd3 20. Bf4 d6 21. Be3 Nxe3+ 22. Rxe3 Bc6 23. Qxd3 Qd7 24. Qe2 Qf5 25. a4 h6 26. a5 bxa5 27. Rxa5 Qb1+ 28. Kd2 Qxg1 29. f4 Nd7 30. Ra7+ Kb8 31. Ra6 Kb7 32. Rxc6 Kxc6 33. Ba4+ Kc7 34. Bxd7 Rb8 35. Bb5 Qb1 36. Qc4+ 1-0

[Event "Zhigulevskie prostory op"]
[Site "Samara"]
[Date "2008.07.28"]
[Round "4"]
[White "Gabdushev, Ruslan"]
[Black "Kobylsky, Evgeny"]
[Result "1-0"]
[WhiteElo "2377"]
[BlackElo "2055"]
[PlyCount "55"]
[EventDate "2008.07.25"]
[EventType "swiss"]
[EventRounds "9"]
[EventCountry "RUS"]
[SourceTitle "EXT 2022"]
[Source "ChessBase"]
[SourceDate "2021.10.06"]
[SourceVersion "1"]
[SourceVersionDate "2021.10.06"]
[SourceQuality "1"]

1. c4 e5 2. g3 Nc6 3. Bg2 g6 4. Nc3 Bg7 5. e4 Nge7 6. Nge2 d6 7. d3 0-0 8. 0-0 f5 9. Nd5 Nd4 10. Nxd4 exd4 11. Bg5 Rf7 12. exf5 Bf8 13. fxg6 hxg6 14. Nf4 Kh7 15. Be4 Bf5 16. Nxg6 Kxg6 17. Qg4 Qd7 18. Bxe7+ Kh7 19. Bxf8 Raxf8 20. Rae1 Kh8 21. Bxf5 Qxf5 22. Qxd4+ Kg8 23. Re4 Rg7 24. Rfe1 Qh3 25. Re7 Rg5 26. Rxc7 Qh5 27. Qxd6 Qf3 28. Qe6+ 1-0

[Event "Zhigulevskie prostory op"]
[Site "Samara"]
[Date "2008.07.26"]
[Round "2"]
[White "Kuznetzov, Valentin"]
[Black "Kobylsky, Evgeny"]
[Result "0-1"]
[WhiteElo "1927"]
[BlackElo "2055"]
[PlyCount "119"]
[EventDate "2008.07.25"]
[EventType "swiss"]
[EventRounds "9"]
[EventCountry "RUS"]
[SourceTitle "EXT 2022"]
[Source "ChessBase"]
[SourceDate "2021.10.06"]
[SourceVersion "1"]
[SourceVersionDate "2021.10.06"]
[SourceQuality "1"]

1. e4 e5 2. Nf3 Nc6 3. Bb5 a6 4. Ba4 Nf6 5. 0-0 b5 6. Bb3 Bc5 7. d3 d6 8. h3 h6 9. c3 Bb7 10. Re1 Bb6 11. Nbd2 0-0 12. Nf1 Re8 13. Be3 Na5 14. Bc2 c5 15. Ng3 c4 16. Bxb6 Qxb6 17. d4 Nc6 18. Nf5 Ne7 19. N3h4 Nxf5 20. Nxf5 Rad8 21. d5 Bc8 22. g4 Kh7 23. Qf3 Ng8 24. Kh2 g6 25. Ne3 Qc7 26. Qg3 Qe7 27. Rg1 Nf6 28. Raf1 Nd7 29. Rg2 Rh8 30. Kg1 Rdg8 31. f3 Qg5 32. f4 exf4 33. Rxf4 Ne5 34. Rgf2 Qe7 35. Rf6 Kg7 36. g5 Kf8 37. Ng4 Bxg4 38. hxg4 hxg5 39. Bd1 Rh4 40. Be2 Rgh8 41. Kg2 Kg7 42. b3 Rh2+ 43. Qxh2 Rxh2+ 44. Kxh2 Qxf6 45. Rxf6 Kxf6 46. Kg3 Nd3 47. bxc4 bxc4 48. Kf3 Nb2 49. Ke3 Ke5 50. a3 a5 51. Bf3 Na4 52. Be2 Nxc3 53. Bxc4 Nxe4 54. Bb5 Nf6 55. Kf3 Kxd5 56. a4 Kd4 57. Ke2 Ke4 58. Bc6+ d5 59. Kd2 Nxg4 60. Kc3 0-1